000 00310nam a22001337a 4500
008 170929b xxu||||| |||| 00| 0 eng d
020 _a9780135433157
041 _aeng
080 _a37
100 _a47
101 _aEDU
245 _aMANAGING CLASSROOMS TO FACILITATE LEARNING
_cBAUER,A.M
942 _2udc
_cBK
999 _c30761
_d30761